| 000 | 00766cam a2200229 4500 | ||
|---|---|---|---|
| 008 | 090401t1993 xxu||||| |||| 00| 0 eng d | ||
| 020 | _a0900953624 | ||
| 035 | _a(Sirsi) u5555 | ||
| 041 | 0 | _aeng | |
| 050 | 0 | 4 | _a614.5924 $2 18 |
| 110 | 2 |
_aChartered Institution of Building Services Engineers _92360 |
|
| 245 | 0 | 0 |
_aLegionellosis _ban interpretation of the requirements of the Health and Safety Commission's Approved Code of Practice _bThe prevention or control of legionellosis |
| 260 |
_aLondon _bCIBSE _c1993 |
||
| 300 |
_a7p. _c30cm. |
||
| 350 | _a6 | ||
| 490 | 0 | _aCIBSE Guidance Note | |
| 650 | 2 | 4 | _aLEGIONNAIRES DISEASE |
| 651 | 4 |
_aUnited Kingdom _y |
|
| 690 | _aMANAGEMENT-HEALTH AND SAFETY-HAZARDOUS SUBSTANCES | ||
| 942 | _n0 | ||
| 948 | _c04/03/1997 | ||
| 999 |
_c86190 _d86190 |
||